000
00280nam a2200121Ia 4500
008
191201s2019 xx 000 0 und d
100
_a
KUMARI, Naveen
245
0
_a
Data Communication and Networks
260
_b
Katson
300
_a
325
650
_a
B.Tech(CSE)
942
_2
ddc
_c
BK
999
_c
6864
_d
6864